00390nam a2200121 a 4500008004100000050001600041100002000057245003100077246010500108260002500213300002100238350000900259120416s1947 ||||||||||||||||| || u aTK 7881 Mac aMcQuillen, J. W10aIndustrial electrification aa handbook for electrical engineers employed in the installation, supervision and maintenance of ele aLondonbPitmanc1947 avii, 116p. : ill a0.00